000 00385cam a22001337a 4500
008 180718b1948 xxu||||| |||| 00| 0 eng d
082 _aB12x54 K149
100 _aKarve, D.G.
245 _aIndian population: a challenge and an opportunity
_cby D.G. Karve
260 _aBombay
_bNational Information & Pub.
_c1948
300 _a50+p.
500 _aRs.1.00
650 _aPopulation - India
999 _c371393
_d371393